| 000 | 00710cam a22002057a 4500 | ||
|---|---|---|---|
| 001 | 001456 | ||
| 003 | armpunfd | ||
| 005 | 20140612090640.0 | ||
| 008 | 040226e7####xx#a##########000#0#und#d | ||
| 040 |
_aarmpunfd _carmpunfd |
||
| 080 | _a347 (094.4) N 889 | ||
| 245 | 1 | 0 | _aNuevos estudios sobre el proyecto de codigo civil de 1998 |
| 260 |
_a Uenops Aires : Biblioteca De La Academia Nacional De Derecho Y Ciencias Sociales De Buenos Aires _b2001. ( Serie Iv _cNUMERO 7) |
||
| 300 | _ainstituto ie ierecho iivil | ||
| 650 | 7 |
_a Codigo Civil _2LEMB |
|
| 650 | 7 |
_a Proyectos Codigo Civil _2LEMB |
|
| 650 | 7 |
_a Reforma Codigo Civil _2LEMB |
|
| 942 |
_cLB _2cdu |
||
| 945 |
_aCatalis _d2010-08-19 |
||
| 999 |
_c1447 _d231951 |
||